[Event "CZE-chT2B 1617"]
[Site "Czech Republic"]
[Date "2016.10.23"]
[Round "4.8"]
[White "Lacha, Josef"]
[Black "Tomanek, Petr"]
[Result "1-0"]
[WhiteElo "2002"]
[BlackElo "1976"]
[PlyCount "183"]
[EventDate "2016.10.09"]
[EventType "team-tourn"]
[EventRounds "11"]
[EventCountry "CZE"]
[SourceTitle "EXT 2022"]
[Source "ChessBase"]
[SourceDate "2021.10.06"]
[SourceVersion "1"]
[SourceVersionDate "2021.10.06"]
[SourceQuality "1"]
[WhiteTeam "Litomerice"]
[BlackTeam "Turnov Zikuda II"]
[WhiteTeamCountry "CZE"]
[BlackTeamCountry "CZE"]

1. d4 d5 2. Nf3 Nf6 3. Bg5 Nbd7 4. e3 g6 5. Bd3 Bg7 6. Nbd2 b6 7. c3 Bb7 8. Qe2 Ne4 9. Bf4 e6 10. Ba6 Bxa6 11. Qxa6 Nxd2 12. Nxd2 0-0 13. Nf3 c5 14. Qe2 Re8 15. 0-0 c4 16. Rad1 b5 17. Rfe1 Qb6 18. a3 a5 19. e4 dxe4 20. Qxe4 Nf6 21. Qc2 Nd5 22. Bg3 Rac8 23. Nd2 Rc6 24. Nf1 Rec8 25. Ne3 Qd8 26. Qe4 Bf8 27. Nxd5 exd5 28. Qf3 Bg7 29. h3 Qd7 30. Be5 Re6 31. Bxg7 Kxg7 32. Re5 Rxe5 33. dxe5 Rd8 34. Qe3 Re8 35. Qd4 Qe6 36. f4 Rd8 37. Kh2 h5 38. Rd2 Kg8 39. g3 Qf5 40. Qb6 Rf8 41. h4 Qd7 42. Qxa5 Rb8 43. Qb4 Rd8 44. Qc5 Kg7 45. Qd4 Kg8 46. Re2 Re8 47. Rd2 Rd8 48. Kg2 Kh7 49. Qb6 Kg8 50. Kf2 Kh7 51. Kg2 Kg8 52. Rf2 Re8 53. f5 gxf5 54. Qf6 Qe7 55. Qxe7 Rxe7 56. Rxf5 Rd7 57. Rxh5 Kf8 58. Rh8+ Ke7 59. Rb8 Ke6 60. Kf3 Kxe5 61. Rxb5 f5 62. a4 Ra7 63. a5 Kd6 64. Kf4 Kc6 65. Rb6+ Kc5 66. Rb8 Rxa5 67. Kxf5 Kd6 68. h5 d4+ 69. Ke4 dxc3 70. bxc3 Rxh5 71. Rc8 Rg5 72. Kf4 Rg7 73. Rxc4 Kd5 74. Rc8 Rf7+ 75. Ke3 Rg7 76. c4+ Kd6 77. Kf3 Kd7 78. Rf8 Kc6 79. Rf5 Kd6 80. g4 Rc7 81. Rd5+ Ke6 82. Rd4 Ke5 83. Re4+ Kf6 84. Ke3 Rd7 85. c5 Rd1 86. Rc4 Ke5 87. c6 Rd8 88. Kf3 Rc8 89. g5 Kd5 90. Rc1 Rxc6 91. Rxc6 Kxc6 92. g6 1-0

[Event "CZE-chT2B 1516"]
[Site "Czech Republic"]
[Date "2015.11.22"]
[Round "3.8"]
[White "Tomanek, Petr"]
[Black "Hadzala, Daniel"]
[Result "0-1"]
[WhiteElo "1908"]
[BlackElo "2075"]
[PlyCount "59"]
[EventDate "2015.10.18"]
[EventType "team-tourn"]
[EventRounds "11"]
[EventCountry "CZE"]
[SourceTitle "EXT 2022"]
[Source "ChessBase"]
[SourceDate "2021.10.06"]
[SourceVersion "1"]
[SourceVersionDate "2021.10.06"]
[SourceQuality "1"]
[WhiteTeam "Turnov Zikuda III"]
[BlackTeam "Neratovice II"]
[WhiteTeamCountry "CZE"]
[BlackTeamCountry "CZE"]

1. Nf3 Nf6 2. d4 d6 3. g3 Nbd7 4. Bg2 e5 5. 0-0 c6 6. Re1 Be7 7. c4 0-0 8. e4 Qc7 9. Nc3 exd4 10. Nxd4 Re8 11. f4 Bf8 12. h3 a5 13. b3 Nc5 14. Bb2 Qb6 15. Kh2 a4 16. Nc2 axb3 17. axb3 Rxa1 18. Nxa1 Be6 19. Ba3 Ra8 20. Bxc5 Qxc5 21. Na4 Qb4 22. Nb2 g6 23. Nd3 Qc3 24. Qb1 Bg7 25. Rc1 Rxa1 26. Qxa1 Qxd3 27. Rd1 Qe2 28. Qa8+ Bf8 29. Rxd6 Bxh3 30. Rd2 0-1